[Event "BRA-ch 90th"]
[Site "Natal"]
[Date "2024.12.21"]
[Round "11"]
[White "Marques, Jose Gustavo Santos"]
[Black "Pinto, Carlos Henrique Lop"]
[Result "1-0"]
[WhiteElo "1921"]
[BlackElo "2073"]
[PlyCount "131"]
[EventDate "2024.12.13"]
[EventType "swiss"]
[EventRounds "11"]
[EventCountry "BRA"]
[SourceTitle "CB52_2024"]
[SourceDate "2024.12.25"]
[SourceVersion "1"]
[SourceVersionDate "2024.12.25"]
[SourceQuality "1"]

1. c4 Nf6 2. g3 g6 3. Bg2 Bg7 4. Nf3 0-0 5. 0-0 d6 6. Nc3 e5 7. d3 h6 8. Bd2 Nc6 9. Rb1 a6 10. b4 Rb8 11. a4 Ne7 12. e4 Nd7 13. Ne1 f5 14. f3 g5 15. exf5 Nxf5 16. Nc2 c6 17. Kh1 Qe8 18. Ne4 d5 19. cxd5 cxd5 20. Nc3 Nf6 21. b5 a5 22. f4 exf4 23. gxf4 Nh4 24. Nxd5 Nxg2 25. Nxf6+ Bxf6 26. Kxg2 b6 27. fxg5 Bb7+ 28. Kg1 Qg6 29. Qg4 Bxg5 30. Bxg5 hxg5 31. Qc4+ Kh8 32. Rxf8+ Rxf8 33. Re1 Qf6 34. Qd4 Kg8 35. Qxf6 Rxf6 36. Re5 Rf4 37. Rxg5+ Kf7 38. d4 Be4 39. Ne3 Ke6 40. Re5+ Kd7 41. Nc4 Bc2 42. Nxb6+ Kd8 43. Rc5 Bb3 44. Rc8+ Ke7 45. Rc3 Be6 46. d5 Bf7 47. Rc6 Rd4 48. d6+ Kf6 49. Kf2 Be6 50. Ke3 Rd1 51. h4 Ke5 52. d7 Bxd7 53. Nxd7+ Rxd7 54. Ra6 Rh7 55. Rxa5 Rxh4 56. b6+ Kd6 57. Ra7 Rb4 58. a5 Kc6 59. Kd3 Rb1 60. Kc2 Rb5 61. Kc3 Rb1 62. Kd4 Rb2 63. Ke5 Re2+ 64. Kf6 Rf2+ 65. Ke7 Rd2 66. Rc7+ 1-0

[Event "BRA-ch 90th"]
[Site "Natal"]
[Date "2024.12.18"]
[Round "8"]
[White "Souza, Rafael Cabral de"]
[Black "Marques, Jose Gustavo Santos"]
[Result "1-0"]
[WhiteElo "2079"]
[BlackElo "1921"]
[PlyCount "95"]
[EventDate "2024.12.13"]
[EventType "swiss"]
[EventRounds "11"]
[EventCountry "BRA"]
[SourceTitle "CB52_2024"]
[SourceDate "2024.12.25"]
[SourceVersion "1"]
[SourceVersionDate "2024.12.25"]
[SourceQuality "1"]

1. e4 c5 2. Nf3 Nc6 3. Nc3 d6 4. d4 cxd4 5. Nxd4 Nf6 6. Bc4 a6 7. Bb3 e6 8. Be3 Qc7 9. Qe2 Be7 10. Rg1 b5 11. a3 Bb7 12. f3 Na5 13. Ba2 Rc8 14. 0-0-0 Bc6 15. Nxc6 Qxc6 16. Qd3 Nc4 17. Bxc4 Qxc4 18. Qxc4 Rxc4 19. Rd4 Rc6 20. a4 bxa4 21. Rxa4 0-0 22. Ne2 Rfc8 23. Nd4 Rc4 24. Rxa6 e5 25. Nf5 Rxc2+ 26. Kb1 Bf8 27. Nxd6 Bxd6 28. Rxd6 Re2 29. Bg5 Ne8 30. Rd2 Rxd2 31. Bxd2 f6 32. Bc3 Kf7 33. Kc2 Ke6 34. Ra1 Rc6 35. Ra7 Nc7 36. Rb7 g6 37. Kd3 h5 38. h4 f5 39. Rb8 fxe4+ 40. fxe4 Rd6+ 41. Ke2 Rc6 42. Rg8 Kf7 43. Rc8 Kf6 44. Ba5 Rc2+ 45. Kf1 Rc1+ 46. Kf2 Rc2+ 47. Kg3 Rxb2 48. Rxc7 1-0

[Event "BRA-ch 90th"]
[Site "Natal"]
[Date "2024.12.16"]
[Round "6"]
[White "Starke, Bruno Orlando"]
[Black "Marques, Jose Gustavo Santos"]
[Result "1-0"]
[WhiteElo "2147"]
[BlackElo "1921"]
[PlyCount "91"]
[EventDate "2024.12.13"]
[EventType "swiss"]
[EventRounds "11"]
[EventCountry "BRA"]
[SourceTitle "CB52_2024"]
[SourceDate "2024.12.25"]
[SourceVersion "1"]
[SourceVersionDate "2024.12.25"]
[SourceQuality "1"]

1. Nf3 Nf6 2. d4 d6 3. c4 g6 4. g3 Bg7 5. Bg2 0-0 6. 0-0 Nbd7 7. Nc3 c5 8. e4 cxd4 9. Nxd4 Ne5 10. b3 Bd7 11. h3 Nc6 12. Be3 a6 13. a4 Re8 14. Nde2 Rb8 15. Rc1 h6 16. Nd5 h5 17. Bb6 Qc8 18. Nef4 e5 19. Nxf6+ Bxf6 20. Nd5 Bd8 21. Bxd8 Qxd8 22. f4 Be6 23. f5 Bxd5 24. exd5 Nd4 25. f6 Qb6 26. Kh2 Qxb3 27. Qd2 Kh7 28. Be4 Rh8 29. Rf2 Kg8 30. Qg5 Kf8 31. Bxg6 h4 32. gxh4 Nf3+ 33. Rxf3 Qxf3 34. Bxf7 Qf4+ 35. Qxf4 exf4 36. Be6 Rxh4 37. Rg1 Rh8 38. Rg7 b5 39. cxb5 axb5 40. a5 Ra8 41. Rf7+ Ke8 42. Re7+ Kf8 43. Rf7+ Ke8 44. Re7+ Kf8 45. Rb7 Rh6 46. a6 1-0

[Event "BRA-ch 90th"]
[Site "Natal"]
[Date "2024.12.15"]
[Round "4"]
[White "Barbosa, Luiza Karollyne Dan"]
[Black "Marques, Jose Gustavo Santos"]
[Result "1/2-1/2"]
[WhiteElo "1724"]
[BlackElo "1921"]
[PlyCount "66"]
[EventDate "2024.12.13"]
[EventType "swiss"]
[EventRounds "11"]
[EventCountry "BRA"]
[SourceTitle "CB52_2024"]
[SourceDate "2024.12.25"]
[SourceVersion "1"]
[SourceVersionDate "2024.12.25"]
[SourceQuality "1"]

1. e4 c5 2. Nf3 Nc6 3. d4 cxd4 4. Nxd4 e6 5. a3 a6 6. Nc3 Qc7 7. Be3 Nf6 8. f3 b5 9. Qd2 Bb7 10. Be2 Be7 11. Bg5 h6 12. Be3 Rc8 13. Nxc6 Bxc6 14. Bd3 Qb7 15. 0-0 d5 16. exd5 Nxd5 17. Nxd5 Bxd5 18. Qe2 Bf6 19. a4 Bc4 20. axb5 axb5 21. Bxc4 bxc4 22. c3 0-0 23. Rfd1 Qb5 24. Qf2 Ra8 25. Bd4 Rxa1 26. Rxa1 Bxd4 27. cxd4 Rb8 28. Rc1 e5 29. dxe5 Qxe5 30. Rc2 Ra8 31. g3 Ra1+ 32. Kg2 Ra2 33. Rxc4 Qxb2 1/2-1/2

[Event "BRA-ch 90th"]
[Site "Natal"]
[Date "2024.12.15"]
[Round "5"]
[White "Marques, Jose Gustavo Santos"]
[Black "Costa, Heitor Oliveira"]
[Result "1-0"]
[WhiteElo "1921"]
[BlackElo "1869"]
[PlyCount "73"]
[EventDate "2024.12.13"]
[EventType "swiss"]
[EventRounds "11"]
[EventCountry "BRA"]
[SourceTitle "CB52_2024"]
[SourceDate "2024.12.25"]
[SourceVersion "1"]
[SourceVersionDate "2024.12.25"]
[SourceQuality "1"]

1. c4 Nf6 2. g3 c6 3. Bg2 g6 4. Nf3 Bg7 5. Nc3 d5 6. cxd5 cxd5 7. 0-0 Nc6 8. d3 0-0 9. Bd2 Re8 10. a3 Rb8 11. Rb1 a6 12. Qc1 Bg4 13. Bh6 e5 14. Bxg7 Kxg7 15. h3 Bxf3 16. Bxf3 Nd4 17. Bg2 Qb6 18. Qd1 Rbd8 19. b4 Nb5 20. Na4 Qd6 21. Qb3 b6 22. Rbc1 Rc8 23. Qb2 d4 24. Bb7 Rb8 25. Bxa6 Nc7 26. b5 Nxa6 27. bxa6 b5 28. Nc5 Nd5 29. a7 Ra8 30. Ne4 Qd7 31. Rc5 f5 32. Qb3 Nc7 33. Nd2 Rxa7 34. Rfc1 Kh6 35. Nf3 e4 36. Ne5 Qg7 37. Nf7+ 1-0

[Event "BRA-ch 90th"]
[Site "Natal"]
[Date "2024.12.13"]
[Round "1"]
[White "Marques, Jose Gustavo Santos"]
[Black "Pereira Neto, Joao Maria De Lima"]
[Result "1-0"]
[WhiteElo "1921"]
[BlackElo "1800"]
[PlyCount "53"]
[EventDate "2024.12.13"]
[EventType "swiss"]
[EventRounds "11"]
[EventCountry "BRA"]
[SourceTitle "CB52_2024"]
[SourceDate "2024.12.25"]
[SourceVersion "1"]
[SourceVersionDate "2024.12.25"]
[SourceQuality "1"]

1. e4 e6 2. d4 c5 3. Nf3 cxd4 4. Nxd4 Nc6 5. Be2 Nf6 6. Bf3 Ne5 7. 0-0 Be7 8. Nc3 a6 9. a3 0-0 10. Bg5 h6 11. Bh4 Nh7 12. Bxe7 Qxe7 13. Be2 g5 14. f4 gxf4 15. Rxf4 Ng6 16. Rf3 Ng5 17. Rg3 Qc5 18. Kh1 Nf4 19. h4 Nxe2 20. Ndxe2 Kh7 21. hxg5 hxg5 22. Qd4 Qe7 23. Rh3+ Kg6 24. Rf1 e5 25. Qf2 f6 26. Qf5+ Kg7 27. Qh7# 1-0

[Event "Santo Antonio de Jesus Bahia op"]
[Site "Santo Antonio"]
[Date "2022.07.10"]
[Round "6"]
[White "Marques, Jose Gustavo Santos"]
[Black "Gonzalez, Bolivar Ribeiro"]
[Result "1/2-1/2"]
[WhiteElo "1871"]
[BlackElo "2197"]
[PlyCount "84"]
[EventDate "2022.07.07"]
[EventType "swiss"]
[EventRounds "6"]
[EventCountry "BRA"]
[SourceTitle "CBM 209 Extra"]
[Source "ChessBase"]
[SourceDate "2022.09.30"]
[SourceVersion "1"]
[SourceVersionDate "2022.09.30"]
[SourceQuality "1"]

1. c4 Nf6 2. g3 c5 3. Bg2 d5 4. cxd5 Nxd5 5. Nc3 Nc7 6. Nf3 Nc6 7. d3 e5 8. 0-0 Be7 9. Bd2 Be6 10. Rc1 f6 11. Na4 Na6 12. a3 Rb8 13. Nc3 0-0 14. Ne4 Qd7 15. Be3 b6 16. Re1 Rbc8 17. Bd2 Rfd8 18. Qa4 Nab8 19. Bc3 a6 20. Qd1 Qe8 21. Qc2 Qf7 22. e3 h6 23. Qe2 Rd7 24. Ned2 b5 25. b4 cxb4 26. Bxb4 Rdc7 27. Bc5 Na5 28. d4 Bxc5 29. Rxc5 Rxc5 30. dxc5 Rxc5 31. Ne4 Rc7 32. Qd2 Nb7 33. Rc1 Qd7 34. Rxc7 Qxc7 35. Ne1 Nd7 36. Nc2 Nb6 37. Nb4 a5 38. Na6 Qe7 39. Qb2 Bc4 40. Nd2 Na4 41. Qc1 Nbc5 42. Nxc5 Nxc5 1/2-1/2

[Event "Santo Antonio de Jesus Bahia op"]
[Site "Santo Antonio"]
[Date "2022.07.09"]
[Round "4"]
[White "Marques, Jose Gustavo Santos"]
[Black "Barata, Adriano Albiani"]
[Result "1-0"]
[WhiteElo "1871"]
[BlackElo "2144"]
[PlyCount "53"]
[EventDate "2022.07.07"]
[EventType "swiss"]
[EventRounds "6"]
[EventCountry "BRA"]
[SourceTitle "CBM 209 Extra"]
[Source "ChessBase"]
[SourceDate "2022.09.30"]
[SourceVersion "1"]
[SourceVersionDate "2022.09.30"]
[SourceQuality "1"]

1. c4 c5 2. g3 g6 3. Bg2 Bg7 4. Nf3 Nc6 5. Nc3 e6 6. d3 Nge7 7. 0-0 0-0 8. Rb1 d5 9. cxd5 exd5 10. Bd2 b6 11. Re1 Bb7 12. Qc1 Re8 13. Bh6 Bh8 14. Bf4 a6 15. a3 Rc8 16. Qd1 b5 17. Bh3 Ra8 18. Rc1 Nd4 19. Nxd4 cxd4 20. Nxb5 Nf5 21. Nc7 Re7 22. Nxa8 Qxa8 23. Bxf5 gxf5 24. Rc7 Qe8 25. Qc2 a5 26. Rxe7 Qxe7 27. Qc7 1-0

[Event "Santo Antonio de Jesus Bahia op"]
[Site "Santo Antonio"]
[Date "2022.07.09"]
[Round "5"]
[White "Reis, Paulo F Jatoba"]
[Black "Marques, Jose Gustavo Santos"]
[Result "1-0"]
[WhiteElo "2388"]
[BlackElo "1871"]
[PlyCount "141"]
[EventDate "2022.07.07"]
[EventType "swiss"]
[EventRounds "6"]
[EventCountry "BRA"]
[SourceTitle "CBM 209 Extra"]
[Source "ChessBase"]
[SourceDate "2022.09.30"]
[SourceVersion "1"]
[SourceVersionDate "2022.09.30"]
[SourceQuality "1"]

1. Nf3 e6 2. g3 g6 3. Bg2 Bg7 4. d4 d5 5. Nbd2 Nf6 6. 0-0 0-0 7. Re1 Nbd7 8. e4 Nxe4 9. Nxe4 dxe4 10. Rxe4 Nf6 11. Re1 h6 12. c3 Re8 13. Ne5 Nd7 14. f4 c6 15. Be3 Qc7 16. Bf2 Nf6 17. Qb3 Bd7 18. Rad1 Rad8 19. Bf3 Nd5 20. Rd2 Bc8 21. Qa4 b5 22. Qc2 Bb7 23. Nd3 Ba8 24. Kg2 Nb6 25. Rde2 a5 26. g4 Rf8 27. Bg3 Qc8 28. Bh4 Rde8 29. h3 Nd7 30. Kf2 Qc7 31. Bg3 Qb6 32. f5 c5 33. Bxa8 Rxa8 34. fxe6 fxe6+ 35. Kg2 cxd4 36. Rxe6 Qb7+ 37. Kh2 dxc3 38. Re7 Qd5 39. bxc3 g5 40. Ne5 Nxe5 41. R1xe5 Qc4 42. Rb7 Rf7 43. Rexb5 Rxb7 44. Rxb7 Qxc3 45. Qe2 Rd8 46. Rb8 Rxb8 47. Bxb8 Qc8 48. Bg3 Qc6 49. Qd3 a4 50. Bd6 Kh8 51. Kg3 Qc1 52. a3 Qb2 53. Kf3 Qc1 54. Bb4 Qf4+ 55. Ke2 Qh2+ 56. Kd1 Qg2 57. Bd2 Qg1+ 58. Kc2 Qa1 59. Qd8+ Kh7 60. Qd3+ Kh8 61. Bb4 Qa2+ 62. Kd1 Qg2 63. Qd8+ Kh7 64. Qd3+ Kh8 65. Bd2 Qg1+ 66. Be1 Qg2 67. Qd8+ Kh7 68. Qd3+ Kh8 69. Bc3 Bxc3 70. Qxc3+ Kh7 71. Qc2+ 1-0

[Event "Santo Antonio de Jesus Bahia op"]
[Site "Santo Antonio"]
[Date "2022.07.08"]
[Round "3"]
[White "Freitas, Remulo Aguiar"]
[Black "Marques, Jose Gustavo Santos"]
[Result "1/2-1/2"]
[WhiteElo "2111"]
[BlackElo "1871"]
[PlyCount "98"]
[EventDate "2022.07.07"]
[EventType "swiss"]
[EventRounds "6"]
[EventCountry "BRA"]
[SourceTitle "CBM 209 Extra"]
[Source "ChessBase"]
[SourceDate "2022.09.30"]
[SourceVersion "1"]
[SourceVersionDate "2022.09.30"]
[SourceQuality "1"]

1. d4 Nf6 2. Bg5 d6 3. e3 h6 4. Bxf6 exf6 5. Ne2 Nc6 6. c4 g6 7. Nbc3 Bg7 8. Nf4 Ne7 9. Be2 c6 10. b4 0-0 11. 0-0 f5 12. Qb3 a6 13. a4 Bd7 14. Rac1 g5 15. Nh5 Ng6 16. Nxg7 Kxg7 17. d5 Qf6 18. Rcd1 Rfd8 19. a5 Rac8 20. dxc6 bxc6 21. Na4 Be6 22. Nb6 Rc7 23. Qc2 Ra7 24. Qa4 Qb2 25. Bd3 Ne7 26. Rb1 Qc3 27. Rfd1 Qe5 28. Bf1 d5 29. c5 Rf8 30. Qc2 Ng6 31. Qa4 Ne7 32. Bd3 Qc7 33. Qc2 f6 34. Qe2 Bc8 35. Na4 Ng6 36. Nb6 Ne7 37. Re1 Ng6 38. Rbd1 Ne5 39. f4 Ng6 40. g3 Re8 41. Qc2 Ne7 42. Kf2 Rf8 43. Na4 Qd7 44. h4 g4 45. Qe2 h5 46. Nb6 Qc7 47. Bc2 Be6 48. Rd4 Kf7 49. Bd3 Bc8 1/2-1/2

[Event "Santo Antonio de Jesus Bahia op"]
[Site "Santo Antonio"]
[Date "2022.07.08"]
[Round "2"]
[White "Marques, Jose Gustavo Santos"]
[Black "Barbosa, Evandro Amorim"]
[Result "1/2-1/2"]
[WhiteElo "1871"]
[BlackElo "2479"]
[PlyCount "92"]
[EventDate "2022.07.07"]
[EventType "swiss"]
[EventRounds "6"]
[EventCountry "BRA"]
[SourceTitle "CBM 209 Extra"]
[Source "ChessBase"]
[SourceDate "2022.09.30"]
[SourceVersion "1"]
[SourceVersionDate "2022.09.30"]
[SourceQuality "1"]

1. c4 g6 2. g3 Bg7 3. Bg2 c5 4. Nf3 Nc6 5. Nc3 d6 6. d3 e6 7. Bd2 Nge7 8. 0-0 0-0 9. Rb1 b6 10. a3 Bb7 11. b4 Qd7 12. bxc5 dxc5 13. Ne4 f5 14. Nc3 e5 15. Qc1 Nd4 16. Bg5 Nxf3+ 17. Bxf3 Nc6 18. Bh6 Rae8 19. Bd5+ Kh8 20. Bxg7+ Qxg7 21. f3 Qf6 22. Qd2 Bc8 23. Bxc6 Qxc6 24. Nd5 Rf7 25. Qb2 Kg8 26. Rbe1 f4 27. e3 fxg3 28. hxg3 Qd6 29. e4 g5 30. Qd2 Qh6 31. Qh2 Qg7 32. Kg2 Ref8 33. Qh5 Be6 34. Re3 Bd7 35. Rh1 Ba4 36. Nc3 Be8 37. Qh6 g4 38. Qxg7+ Kxg7 39. Rf1 Bd7 40. Nd5 Be6 41. Nc3 h5 42. Nd5 Kh6 43. Rf2 gxf3+ 44. Rfxf3 Bh3+ 45. Kf2 Bg4 46. Rxf7 Rxf7+ 1/2-1/2

[Event "BRA-ch sf Reg2 86th"]
[Site "Recife"]
[Date "2019.12.22"]
[Round "6"]
[White "Marques, Jose Gustavo Santos"]
[Black "Frankental, David"]
[Result "1/2-1/2"]
[WhiteElo "1866"]
[BlackElo "1928"]
[PlyCount "59"]
[EventDate "2019.12.19"]
[EventType "swiss"]
[EventRounds "7"]
[EventCountry "BRA"]
[SourceTitle "CBM 194 Extra"]
[Source "ChessBase"]
[SourceDate "2020.03.31"]
[SourceVersion "1"]
[SourceVersionDate "2020.03.31"]
[SourceQuality "1"]

1. e4 e5 2. Nf3 Nc6 3. d4 exd4 4. Nxd4 Qh4 5. Nc3 Bb4 6. Qd3 Nf6 7. Nxc6 dxc6 8. Bd2 Bxc3 9. Bxc3 Nxe4 10. g3 Qe7 11. 0-0-0 Nxc3 12. Qxc3 0-0 13. Bd3 Be6 14. Kb1 Rfd8 15. f4 Qf6 16. Qb4 b6 17. Rhe1 a5 18. Qe4 g6 19. Qf3 Rd6 20. g4 Rad8 21. Rc1 Qd4 22. f5 Qd5 23. Qxd5 Bxd5 24. Re3 c5 25. b3 Bc6 26. a4 Rd4 27. h3 Re8 28. Rce1 Rdd8 29. Re7 Rxe7 30. Rxe7 1/2-1/2

[Event "Sergipe-ch"]
[Site "Aracaju"]
[Date "2017.12.??"]
[Round "4"]
[White "Marques, Jose Gustavo Santos"]
[Black "Da Silva, Luiz Henrique Lopes"]
[Result "0-1"]
[WhiteElo "1866"]
[BlackElo "1728"]
[PlyCount "98"]
[EventDate "2017.12.15"]
[EventType "tourn"]
[EventRounds "5"]
[EventCountry "BRA"]
[SourceTitle "EXT 2022"]
[Source "ChessBase"]
[SourceDate "2021.10.06"]
[SourceVersion "1"]
[SourceVersionDate "2021.10.06"]
[SourceQuality "1"]

1. Nf3 d5 2. d4 Bf5 3. e3 Nf6 4. Be2 e6 5. 0-0 Bd6 6. b3 0-0 7. Bb2 Nbd7 8. Nbd2 c5 9. Nh4 Bg6 10. Nxg6 hxg6 11. Nf3 Rc8 12. c4 Nb6 13. Rc1 Qe7 14. h3 Rfd8 15. Rc2 Rd7 16. Qa1 dxc4 17. bxc4 Na4 18. Ba3 cxd4 19. Bxd6 Qxd6 20. exd4 Nb6 21. Rfc1 Rdc7 22. a4 Nbd7 23. a5 Qe7 24. Qb2 Nb8 25. Ne5 Nc6 26. Nxc6 bxc6 27. Bf3 c5 28. a6 Qd6 29. Bb7 Rd8 30. dxc5 Rxc5 31. Qa3 Qc7 32. Qe3 Ne8 33. Rb1 Nd6 34. Rd2 Rxc4 35. Rdd1 Nxb7 36. axb7 Rxd1+ 37. Rxd1 Qxb7 38. Rd8+ Kh7 39. Rd1 a5 40. Qg5 Qc7 41. g4 f6 42. Qe3 a4 43. Qa3 Qc6 44. Kh2 Rc3 45. Qa1 a3 46. Rg1 Qf3 47. Rg2 Rd3 48. Qe1 a2 49. Rg3 Rd1 0-1

[Event "Aracaju Pitanga Memorial"]
[Site "Aracaju"]
[Date "2017.08.13"]
[Round "5"]
[White "Dumas, Thiago Pariz Da Sil"]
[Black "Marques, Jose Gustavo Santos"]
[Result "1-0"]
[WhiteElo "1793"]
[BlackElo "1868"]
[PlyCount "63"]
[EventDate "2017.08.11"]
[EventType "swiss"]
[EventRounds "5"]
[EventCountry "BRA"]
[SourceTitle "CBM 180 Extra"]
[Source "ChessBase"]
[SourceDate "2017.10.06"]
[SourceVersion "1"]
[SourceVersionDate "2017.10.06"]
[SourceQuality "1"]

1. e4 c5 2. Nf3 Nc6 3. Nc3 g6 4. d4 cxd4 5. Nxd4 Bg7 6. Be3 Nf6 7. Qd2 0-0 8. 0-0-0 Ng4 9. Nxc6 bxc6 10. Bd4 e5 11. Bc5 Bh6 12. Be3 Nxe3 13. fxe3 a5 14. h4 Qb6 15. Re1 Rb8 16. b3 Rd8 17. h5 Kg7 18. hxg6 hxg6 19. Qd6 Bxe3+ 20. Rxe3 Qxe3+ 21. Kb2 Qg5 22. Qxb8 d5 23. exd5 cxd5 24. Qb6 Be6 25. Qxa5 Qf6 26. Be2 e4 27. Kb1 Qg5 28. Qc7 Rc8 29. Qh2 f6 30. Qh7+ Kf8 31. Qb7 Rxc3 32. Rh7 1-0

[Event "Aracaju Pitanga Memorial"]
[Site "Aracaju"]
[Date "2017.08.12"]
[Round "2"]
[White "Melo, Igor De Souza"]
[Black "Marques, Jose Gustavo Santos"]
[Result "0-1"]
[WhiteElo "1805"]
[BlackElo "1868"]
[PlyCount "62"]
[EventDate "2017.08.11"]
[EventType "swiss"]
[EventRounds "5"]
[EventCountry "BRA"]
[SourceTitle "CBM 180 Extra"]
[Source "ChessBase"]
[SourceDate "2017.10.06"]
[SourceVersion "1"]
[SourceVersionDate "2017.10.06"]
[SourceQuality "1"]

1. e4 e6 2. d4 d5 3. Nd2 Nc6 4. Ngf3 Nf6 5. e5 Nd7 6. Bb5 f6 7. Nb3 fxe5 8. dxe5 Be7 9. Bxc6 bxc6 10. Nbd4 Nb8 11. c3 0-0 12. 0-0 c5 13. Nb3 c4 14. Nbd4 c5 15. Ne2 Bb7 16. Nf4 Qd7 17. h4 Nc6 18. Re1 Rf5 19. g4 Rf7 20. Nh3 Raf8 21. Nfg5 Bxg5 22. Bxg5 Rf3 23. Re3 Rxe3 24. Bxe3 d4 25. Bf4 Nxe5 26. Kf1 Qd5 27. Ke1 Qh1+ 28. Kd2 Nf3+ 29. Ke2 Qxh3 30. Bg3 d3+ 31. Ke3 Qxg4 0-1

[Event "Aracaju Pitanga Memorial"]
[Site "Aracaju"]
[Date "2017.08.11"]
[Round "1"]
[White "Marques, Jose Gustavo Santos"]
[Black "Wanderley, Fabio Marcel Bezerr"]
[Result "1/2-1/2"]
[WhiteElo "1868"]
[BlackElo "1800"]
[PlyCount "158"]
[EventDate "2017.08.11"]
[EventType "swiss"]
[EventRounds "5"]
[EventCountry "BRA"]
[SourceTitle "CBM 180 Extra"]
[Source "ChessBase"]
[SourceDate "2017.10.06"]
[SourceVersion "1"]
[SourceVersionDate "2017.10.06"]
[SourceQuality "1"]

1. d4 Nf6 2. Nf3 e6 3. g3 d5 4. Bg2 c5 5. e3 Be7 6. 0-0 0-0 7. dxc5 Bxc5 8. b3 Nbd7 9. Bb2 Qc7 10. Nc3 a6 11. Rc1 Bd6 12. Ne2 b5 13. Nd2 Bb7 14. Nd4 Ne5 15. N2f3 Rac8 16. Nxe5 Bxe5 17. Qd3 Nd7 18. f4 Bf6 19. Rfd1 Nc5 20. Qe2 Ne4 21. Bxe4 dxe4 22. c4 bxc4 23. bxc4 Bxd4 24. Bxd4 Rfd8 25. Qb2 f5 26. Re1 Qf7 27. Rb1 Rd7 28. Rec1 Rc6 29. Qb4 Qe8 30. Qa4 Qc8 31. Rb3 Rf7 32. c5 Rcc7 33. Rcb1 Bc6 34. Qa5 Bb7 35. Rb6 Rc6 36. Rxc6 Bxc6 37. Rb6 Ra7 38. Be5 Ra8 39. Qc3 Qd7 40. Bd6 a5 41. a3 a4 42. Qb4 h6 43. Kg2 Kf7 44. h4 Ra7 45. Rb8 Ra8 46. h5 Rxb8 47. Qxb8 Qe8 48. Qc7+ Qd7 49. Kf2 Qxc7 50. Bxc7 g6 51. hxg6+ Kxg6 52. Ke2 Kf7 53. Kd2 Ke7 54. Kc3 Kd7 55. Be5 Bd5 56. Kb4 Bc6 57. Ka5 h5 58. Bb8 Ke8 59. Kb6 Kd7 60. Bd6 Bd5 61. Kb5 Bc6+ 62. Kb4 Ke8 63. Kc4 Kf7 64. Bc7 Ke7 65. Kd4 Ke8 66. Ke5 Ke7 67. Ba5 Bd5 68. Bc7 Bc6 69. Bd6+ Kf7 70. Kd4 Ke8 71. Kc4 Kd7 72. Bf8 Bd5+ 73. Kb5 Bc6+ 74. Kb6 Bd5 75. Bg7 Bc6 76. Ka5 Ke8 77. Kb4 Kd7 78. Kc4 Bd5+ 79. Kd4 Kc6 1/2-1/2

[Event "Sergipe-ch"]
[Site "Aracaju"]
[Date "2016.12.18"]
[Round "5.3"]
[White "De Jesus, Railton Oliveira Sa"]
[Black "Marques, Jose Gustavo Santos"]
[Result "0-1"]
[WhiteElo "1800"]
[BlackElo "1898"]
[PlyCount "88"]
[EventDate "2016.12.16"]
[EventType "tourn"]
[EventRounds "5"]
[EventCountry "BRA"]
[SourceTitle "EXT 2022"]
[Source "ChessBase"]
[SourceDate "2021.10.06"]
[SourceVersion "1"]
[SourceVersionDate "2021.10.06"]
[SourceQuality "1"]

1. e4 c5 2. Nf3 Nc6 3. g3 d6 4. d4 cxd4 5. Nxd4 Nf6 6. Nc3 Bd7 7. Nde2 a6 8. a4 e6 9. Bg2 Be7 10. 0-0 0-0 11. h3 Rc8 12. Be3 e5 13. Nd5 Nxd5 14. exd5 Nb8 15. a5 f5 16. f4 Bb5 17. b3 Bxe2 18. Qxe2 Bf6 19. Ra2 Nd7 20. c4 Re8 21. Qc2 e4 22. Qe2 Nc5 23. Bxc5 Rxc5 24. b4 Rc7 25. Rc2 Qd7 26. Ra2 Bc3 27. Rb1 Rec8 28. Bf1 Rxc4 29. Qxc4 Rxc4 30. Bxc4 Qc7 31. Be2 Bxb4 32. Rab2 Bc5+ 33. Kf1 Qxa5 34. Rxb7 h6 35. Bh5 Kh7 36. Rb8 Qd2 37. R8b2 Qxd5 38. Be2 Qd4 39. Bxa6 Qg1+ 40. Ke2 Qxg3 41. Bc8 Qxf4 42. Rb3 Qf2+ 43. Kd1 e3 44. Ba6 Qd2# 0-1

[Event "Aracaju Academia Projeto Despertar 1st"]
[Site "Aracaju"]
[Date "2016.09.17"]
[Round "4.6"]
[White "Marques, Jose Gustavo Santos"]
[Black "Santana, Weslley Abreu"]
[Result "1/2-1/2"]
[WhiteElo "1976"]
[BlackElo "1841"]
[PlyCount "68"]
[EventDate "2016.09.16"]
[EventType "tourn"]
[EventRounds "11"]
[EventCountry "BRA"]
[SourceTitle "EXT 2022"]
[Source "ChessBase"]
[SourceDate "2021.10.06"]
[SourceVersion "1"]
[SourceVersionDate "2021.10.06"]
[SourceQuality "1"]

1. d4 d5 2. c4 c6 3. Nc3 Nf6 4. cxd5 cxd5 5. Bf4 Nc6 6. e3 a6 7. Nf3 Bf5 8. Bd3 Bxd3 9. Qxd3 e6 10. 0-0 Bd6 11. Bxd6 Qxd6 12. Rac1 0-0 13. Na4 Ne4 14. Nc5 Nxc5 15. Rxc5 Rac8 16. Rfc1 Ne7 17. Rxc8 Rxc8 18. Rxc8+ Nxc8 19. Qc3 Qc6 20. Qxc6 bxc6 21. Kf1 f6 22. Ke2 Kf7 23. Kd3 Ke7 24. Kc3 Kd6 25. Kb4 Kc7 26. Ne1 Kb6 27. Nd3 a5+ 28. Kc3 Nd6 29. Nc5 e5 30. b3 exd4+ 31. exd4 Nb5+ 32. Kd3 Nd6 33. Kc3 Nb5+ 34. Kd3 Nd6 1/2-1/2

[Event "Aracaju Academia Projeto Despertar 1st"]
[Site "Aracaju"]
[Date "2016.09.17"]
[Round "5.2"]
[White "Rodrigues, Jhonas Silva"]
[Black "Marques, Jose Gustavo Santos"]
[Result "1/2-1/2"]
[WhiteElo "1876"]
[BlackElo "1976"]
[PlyCount "49"]
[EventDate "2016.09.16"]
[EventType "tourn"]
[EventRounds "11"]
[EventCountry "BRA"]
[SourceTitle "EXT 2022"]
[Source "ChessBase"]
[SourceDate "2021.10.06"]
[SourceVersion "1"]
[SourceVersionDate "2021.10.06"]
[SourceQuality "1"]

1. d4 c6 2. c4 d5 3. c5 e5 4. e3 exd4 5. exd4 Nf6 6. Be3 Be7 7. Nf3 0-0 8. Bd3 Bg4 9. Nbd2 Nbd7 10. 0-0 Re8 11. h3 Bxf3 12. Nxf3 b6 13. b4 a5 14. a3 axb4 15. axb4 Qc7 16. Qd2 Ne4 17. Bxe4 dxe4 18. Bf4 Qb7 19. Ne5 Bf6 20. Nxd7 Qxd7 21. Bd6 Rxa1 22. Rxa1 bxc5 23. bxc5 Qe6 24. Ra6 Qd5 25. Ra4 1/2-1/2

[Event "Praia Atalaia op"]
[Site "Praia Atalaia"]
[Date "2014.05.02"]
[Round "2"]
[White "Marques, Jose Gustavo Santos"]
[Black "Moraes, Maurino Anastacio"]
[Result "1-0"]
[WhiteElo "1979"]
[BlackElo "1716"]
[PlyCount "57"]
[EventDate "2014.05.02"]
[EventType "swiss"]
[EventRounds "6"]
[EventCountry "BRA"]
[SourceTitle "CBM 160 Extra"]
[Source "ChessBase"]
[SourceDate "2014.07.01"]
[SourceVersion "1"]
[SourceVersionDate "2014.07.01"]
[SourceQuality "1"]

1. d4 Nf6 2. c4 g6 3. Nf3 Bg7 4. e3 0-0 5. Be2 Re8 6. 0-0 d6 7. Nc3 Nbd7 8. Qc2 c5 9. b3 a6 10. Bb2 cxd4 11. exd4 Nf8 12. h3 Bd7 13. Rad1 Rc8 14. Ne4 d5 15. Nxf6+ exf6 16. Rfe1 Ne6 17. Qd2 dxc4 18. bxc4 g5 19. Bf1 b5 20. c5 Nf4 21. Bc3 Bc6 22. Rxe8+ Qxe8 23. Ne1 Qd7 24. Nd3 Nxh3+ 25. gxh3 Qd5 26. f3 Qxf3 27. Bg2 Qg3 28. Qf2 Qc7 29. d5 1-0